[Event "39th POL-ch (w)"]
[Site "Wroclaw POL"]
[Date "1987.??.??"]
[Round "1"]
[White "Brustman, Agnieszka"]
[Black "Laszewska, Izabela"]
[Result "1-0"]
[WhiteElo "2335"]
[BlackElo "2150"]
[EventDate "1987.03.20"]
[PlyCount "45"]

1.e4 e6 2.d4 d5 3.Nd2 Nf6 4.e5 Nfd7 5.c3 c5 6.f4 Nc6 7.Ndf3 Qb6 8.g3 Be7 
9.Bh3 cxd4 10.cxd4 O-O 11.Ne2 a5 12.O-O a4 13.Kh1 Qa7 14.f5 exf5 15.Bxf5 
Nb6 16.Bb1 Bg4 17.Qd3 g6 18.Bh6 Rfe8 19.Qe3 Nc4 20.Qf4 Bxf3+ 21.Qxf3 Nd8 
22.Qxd5 Nxb2 23.Qb5 1-0

[Event "39th POL-ch (w)"]
[Site "Wroclaw POL"]
[Date "1987.??.??"]
[Round "1"]
[White "Rzeczycka, Bozena"]
[Black "Jalowiec, Halina"]
[Result "0-1"]
[WhiteElo "2180"]
[BlackElo "2175"]
[EventDate "1987.03.20"]
[PlyCount "28"]

1.e4 d5 2.exd5 Nf6 3.d4 Nxd5 4.c4 Nb6 5.Nc3 e5 6.dxe5 Qxd1+ 7.Kxd1 Be6 8.
b3 Nc6 9.f4 O-O-O+ 10.Bd2 Bb4 11.Nge2 Nd4 12.Nxd4 Rxd4 13.Ke1 Rhd8 14.Rd1 
Bxc3 0-1

[Event "39th POL-ch (w)"]
[Site "Wroclaw POL"]
[Date "1987.??.??"]
[Round "1"]
[White "Sikora-Gizynska, Bozena"]
[Black "Kaczmarek, Ewa"]
[Result "1/2-1/2"]
[WhiteElo "2155"]
[BlackElo "2140"]
[EventDate "1987.03.20"]
[PlyCount "80"]

1.e4 c5 2.Nf3 Nc6 3.Bb5 d6 4.O-O Bd7 5.Re1 Nf6 6.h3 g6 7.c3 a6 8.Ba4 c4 9.
Bc2 Bg7 10.Qe2 b5 11.a4 O-O 12.d3 cxd3 13.Bxd3 Qb6 14.axb5 axb5 15.Rxa8 
Rxa8 16.Bxb5 Nxe4 17.Bc4 Nf6 18.Na3 e6 19.Rd1 Na5 20.Be3 Qb7 21.Rxd6 Nxc4 
22.Nxc4 Bb5 23.Rd1 Qc7 24.b3 Nd5 25.Bd4 Nxc3 26.Bxc3 Bxc3 27.Qe3 Bg7 28.
Nfe5 Bxc4 29.Nxc4 Rb8 30.Qf3 Qb7 31.Rd3 Qxf3 32.Rxf3 Rd8 33.Kf1 Kf8 34.Ke2
Ke7 35.Rd3 Rb8 36.Ne3 Bh6 37.Nc4 Rb7 38.Nd6 Rd7 39.Nc4 Rb7 40.Nd6 Rd7 
1/2-1/2

[Event "39th POL-ch (w)"]
[Site "Wroclaw POL"]
[Date "1987.??.??"]
[Round "1"]
[White "Swiecik, Iwona"]
[Black "Sosnowska, Elzbieta"]
[Result "1/2-1/2"]
[WhiteElo "2140"]
[BlackElo "2065"]
[EventDate "1987.03.20"]
[PlyCount "79"]

1.e4 c5 2.Nf3 g6 3.d4 Bg7 4.Be2 Nf6 5.Nc3 d6 6.O-O cxd4 7.Nxd4 Nc6 8.Nb3 
O-O 9.Bg5 a6 10.a4 Be6 11.f4 Na5 12.Nxa5 Qxa5 13.Kh1 Rac8 14.Bd3 Rfe8 15.
f5 Bc4 16.Qe2 Qb4 17.Rad1 b5 18.axb5 axb5 19.Qf2 Qxb2 20.Nd5 Bxd3 21.Bxf6 
Bxf6 22.cxd3 Qxf2 23.Nxf6+ exf6 24.Rxf2 g5 25.Rb2 Rc5 26.Kg1 Rb8 27.Rdb1 
Rc3 28.Rxb5 Rxb5 29.Rxb5 Rxd3 30.Rb8+ Kg7 31.Kf2 d5 32.exd5 Rxd5 33.g4 h5 
34.h3 Rd2+ 35.Kf3 Rd3+ 36.Kg2 Rd2+ 37.Kf3 Rd3+ 38.Kg2 h4 39.Rc8 Rd2+ 40.
Kg1 1/2-1/2

[Event "39th POL-ch (w)"]
[Site "Wroclaw POL"]
[Date "1987.??.??"]
[Round "1"]
[White "Szmacinska, Grazyna"]
[Black "Jagodzinska, Joanna"]
[Result "1-0"]
[WhiteElo "2315"]
[BlackElo "2200"]
[EventDate "1987.03.20"]
[PlyCount "45"]

1.Nf3 Nf6 2.g3 c5 3.Bg2 e6 4.O-O Nc6 5.c4 Be7 6.b3 O-O 7.Bb2 Qc7 8.e3 Rd8 
9.Qe2 b6 10.Nc3 Bb7 11.Rfd1 Rac8 12.Rac1 Qb8 13.d4 cxd4 14.exd4 d5 15.cxd5
exd5 16.Bh3 Nd7 17.Nxd5 Bf8 18.Ne3 Qa8 19.Ng5 h6 20.Nxf7 Kxf7 21.Qc4+ Ke8 
22.Qe6+ Ne7 23.Bf5 1-0

[Event "39th POL-ch (w)"]
[Site "Wroclaw POL"]
[Date "1987.??.??"]
[Round "1"]
[White "Kaczorowska, Barbara"]
[Black "Strzalka, Joanna"]
[Result "1-0"]
[WhiteElo "2170"]
[BlackElo "2170"]
[EventDate "1987.03.20"]
[PlyCount "69"]

1.d4 Nf6 2.c4 d6 3.Nf3 g6 4.g3 Bg7 5.Bg2 O-O 6.O-O Nc6 7.Nc3 a6 8.d5 Nb8 
9.h3 e5 10.e4 Qe8 11.Be3 Nh5 12.Nh4 f5 13.exf5 gxf5 14.Bf3 Nf6 15.Kh2 Qe7 
16.Rc1 f4 17.gxf4 Nh5 18.Bxh5 Qxh4 19.Bg4 Bxg4 20.Qxg4 Qxg4 21.hxg4 exf4 
22.Bd2 Nd7 23.f3 Rae8 24.Kg2 Nc5 25.b3 Nd3 26.Rcd1 h5 27.gxh5 Rf5 28.Ne4 
Rxh5 29.Rh1 Rxh1 30.Rxh1 Bd4 31.Rh4 Rf8 32.Rg4+ Kh8 33.Ng5 Be5 34.Ne6 Rf7 
35.Nd8 1-0

[Event "39th POL-ch (w)"]
[Site "Wroclaw POL"]
[Date "1987.??.??"]
[Round "2"]
[White "Szmacinska, Grazyna"]
[Black "Sikora-Gizynska, Bozena"]
[Result "1/2-1/2"]
[WhiteElo "2315"]
[BlackElo "2155"]
[EventDate "1987.03.20"]
[PlyCount "91"]

1.Nf3 Nf6 2.g3 e6 3.Bg2 Be7 4.b3 c5 5.O-O Nc6 6.Bb2 O-O 7.e3 d5 8.c4 b6 9.
Qe2 Bb7 10.Rd1 Qc7 11.Nc3 Rad8 12.cxd5 exd5 13.d4 Rfe8 14.Rac1 Qb8 15.Na4 
Ne4 16.dxc5 Nxc5 17.Nxc5 bxc5 18.Ba3 c4 19.Bxe7 Nxe7 20.Nd4 Ba6 21.Qf3 Qe5
22.Qf4 Qxf4 23.gxf4 Rb8 24.Rd2 Rb6 25.h3 Rc8 26.Rdc2 Rd8 27.Bf1 Rg6+ 28.
Kh2 Nc6 29.Nf5 Rf6 30.Ng3 Nb4 31.Rd2 cxb3 32.Bxa6 Rxa6 33.axb3 Rc6 34.Ra1 
a6 35.Ra4 Rb6 36.Ne2 Rc8 37.Rd4 Rcb8 38.Nc3 Nc6 39.Rxd5 Rxb3 40.Rc5 Nb4 
41.Rc7 Rb2 42.Kg3 h6 43.Ne4 Rb6 44.Rd7 Rg6+ 45.Kf3 Nc2 46.Rd2 1/2-1/2

[Event "39th POL-ch (w)"]
[Site "Wroclaw POL"]
[Date "1987.??.??"]
[Round "2"]
[White "Sosnowska, Elzbieta"]
[Black "Rzeczycka, Bozena"]
[Result "1-0"]
[WhiteElo "2065"]
[BlackElo "2180"]
[EventDate "1987.03.20"]
[PlyCount "65"]

1.e4 c5 2.Nf3 e6 3.d4 cxd4 4.Nxd4 Nf6 5.Nc3 d6 6.g4 h6 7.Bg2 a6 8.h3 Qc7 
9.O-O Nc6 10.Nde2 Bd7 11.Be3 Be7 12.f4 O-O-O 13.Na4 Rdg8 14.Nb6+ Kb8 15.g5
Ne8 16.h4 hxg5 17.hxg5 g6 18.c4 f6 19.c5 Bc8 20.cxd6 Bxd6 21.gxf6 Nxf6 22.
Nxc8 Rxc8 23.e5 Ng4 24.exd6 Qh7 25.Rf3 Qh2+ 26.Kf1 Nxe3+ 27.Rxe3 g5 28.d7 
Rcf8 29.Qd6+ Ka7 30.Rh3 Rxh3 31.Qxf8 Rd3 32.Qc5+ Kb8 33.Bxc6 1-0

[Event "39th POL-ch (w)"]
[Site "Wroclaw POL"]
[Date "1987.??.??"]
[Round "2"]
[White "Leszner, Liliana"]
[Black "Zboron, Hanna"]
[Result "1/2-1/2"]
[WhiteElo "2190"]
[BlackElo "2070"]
[EventDate "1987.03.20"]
[PlyCount "93"]

1.e4 c5 2.Nf3 Nc6 3.d4 cxd4 4.Nxd4 Nf6 5.Nc3 d6 6.Bg5 e6 7.Qd2 a6 8.O-O-O 
h6 9.Bf4 Bd7 10.Nxc6 Bxc6 11.Qe2 Qc7 12.Nd5 Bxd5 13.exd5 e5 14.Bg3 Be7 15.
f4 exf4 16.Bxf4 O-O 17.Qf3 Rac8 18.Bd3 Rfe8 19.Kb1 Qa5 20.Rhf1 Kh8 21.Bd2 
Qxd5 22.Qxd5 Nxd5 23.Rxf7 Kg8 24.Rf3 Nf6 25.Bf5 Rb8 26.a4 b5 27.axb5 axb5 
28.Bb4 d5 29.Bc3 b4 30.Be5 Rbd8 31.Rfd3 Kf7 32.Rg3 g5 33.Rf1 Bd6 34.Bxd6 
Rxd6 35.Bd3 Kg7 36.Rgf3 Re7 37.Kc1 Ne4 38.Re3 Ra7 39.Kd1 Ra1+ 40.Ke2 Rxf1 
41.Kxf1 Re6 42.Ke2 Nc5 43.Rxe6 Nxe6 44.Ke3 Kf6 45.Be2 Ke5 46.g3 Nc5 47.Bf3
1/2-1/2

[Event "39th POL-ch (w)"]
[Site "Wroclaw POL"]
[Date "1987.??.??"]
[Round "2"]
[White "Kaczmarek, Ewa"]
[Black "Kaczorowska, Barbara"]
[Result "0-1"]
[WhiteElo "2140"]
[BlackElo "2170"]
[EventDate "1987.03.20"]
[PlyCount "64"]

1.e4 c5 2.Nf3 d6 3.d4 cxd4 4.Nxd4 Nf6 5.Nc3 e6 6.Be2 Be7 7.O-O a6 8.a4 b6 
9.f4 Qc7 10.Bf3 Bb7 11.Kh1 O-O 12.Qe1 Nbd7 13.Bd2 Rfd8 14.Qg3 Rac8 15.Rfe1
Bf8 16.Nb3 Nc5 17.Nxc5 Qxc5 18.e5 Nd5 19.Nxd5 Bxd5 20.Bxd5 Qxd5 21.Bc3 
dxe5 22.Rxe5 Qc4 23.Rae1 Qxa4 24.Rg5 g6 25.f5 exf5 26.Qe5 Rxc3 27.Qxc3 Bb4
28.Qc7 Bxe1 29.Qxd8+ Kg7 30.Qd1 Qh4 31.g3 Qe4+ 32.Kg1 h6 0-1

[Event "39th POL-ch (w)"]
[Site "Wroclaw POL"]
[Date "1987.??.??"]
[Round "2"]
[White "Laszewska, Izabela"]
[Black "Swiecik, Iwona"]
[Result "1-0"]
[WhiteElo "2150"]
[BlackElo "2140"]
[EventDate "1987.03.20"]
[PlyCount "117"]

1.e4 c5 2.Nf3 e6 3.d4 cxd4 4.Nxd4 Nf6 5.Nc3 Nc6 6.Ndb5 d6 7.Bf4 e5 8.Bg5 
a6 9.Na3 b5 10.Bxf6 gxf6 11.Nd5 f5 12.c3 Bg7 13.exf5 Bxf5 14.Nc2 O-O 15.
Nce3 Be6 16.Bd3 f5 17.Bc2 Kh8 18.Qh5 e4 19.O-O Ne7 20.Bb3 Ng6 21.f4 exf3 
22.Rxf3 Qh4 23.Qxh4 Nxh4 24.Rh3 f4 25.Rxh4 fxe3 26.Nc7 Bxb3 27.Nxa8 Bf7 
28.Nc7 Bc4 29.Re1 e2 30.Rxc4 bxc4 31.Ne6 Rf1+ 32.Rxf1 exf1=Q+ 33.Kxf1 Be5 
34.h3 Kg8 35.Nc7 a5 36.Ke2 a4 37.a3 Kf7 38.Nd5 Ke6 39.Nb6 d5 40.Nxa4 d4 
41.cxd4 Bxd4 42.Nc3 Ke5 43.Kf3 Bc5 44.Nb5 Kd5 45.g4 Be7 46.Kf4 Kc5 47.Nc3 
Kd4 48.a4 Bd8 49.Nb5+ Kd3 50.Ke5 Ke3 51.Na3 Kd3 52.Kd5 c3 53.bxc3 Kxc3 54.
Nc4 Kb4 55.a5 Kb5 56.Nd6+ Ka6 57.Ke6 Bxa5 58.Kf7 Bb4 59.Nf5 1-0

[Event "39th POL-ch (w)"]
[Site "Wroclaw POL"]
[Date "1987.??.??"]
[Round "2"]
[White "Jagodzinska, Joanna"]
[Black "Jalowiec, Halina"]
[Result "1/2-1/2"]
[WhiteElo "2200"]
[BlackElo "2175"]
[EventDate "1987.03.20"]
[PlyCount "67"]

1.e4 d5 2.exd5 Nf6 3.d4 Nxd5 4.c4 Nb6 5.Nc3 e5 6.dxe5 Qxd1+ 7.Kxd1 Be6 8.
b3 Nc6 9.f4 O-O-O+ 10.Kc2 Nb4+ 11.Kb2 Bf5 12.a3 Nd3+ 13.Bxd3 Rxd3 14.Nf3 
Bc5 15.Nh4 Bg4 16.Kc2 Rhd8 17.h3 Be6 18.f5 Rxc3+ 19.Kxc3 Bd4+ 20.Kc2 Bxa1 
21.fxe6 Bxe5 22.exf7 Bf6 23.Nf3 Rf8 24.Be3 Rxf7 25.Rd1 Re7 26.Bxb6 axb6 
27.Re1 Rxe1 28.Nxe1 Kd7 29.Kd3 Kc6 30.Ke4 Kd6 31.Nd3 c6 32.a4 g6 33.b4 Bc3
34.b5 1/2-1/2

[Event "39th POL-ch (w)"]
[Site "Wroclaw POL"]
[Date "1987.??.??"]
[Round "3"]
[White "Brustman, Agnieszka"]
[Black "Leszner, Liliana"]
[Result "1-0"]
[WhiteElo "2335"]
[BlackElo "2190"]
[EventDate "1987.03.20"]
[PlyCount "43"]

1.e4 g6 2.d4 d6 3.c3 Bg7 4.f4 Nf6 5.Bd3 e5 6.Nf3 exd4 7.cxd4 O-O 8.O-O Nc6
9.Nc3 Bg4 10.Be3 Re8 11.h3 Bf5 12.exf5 Rxe3 13.fxg6 hxg6 14.f5 Nb4 15.Bb1 
gxf5 16.Nh4 Nfd5 17.Nxf5 Qg5 18.h4 Qf6 19.Ne4 Rxe4 20.Bxe4 Re8 21.Qg4 Kf8 
22.g3 1-0

[Event "39th POL-ch (w)"]
[Site "Wroclaw POL"]
[Date "1987.??.??"]
[Round "3"]
[White "Zboron, Hanna"]
[Black "Strzalka, Joanna"]
[Result "1/2-1/2"]
[WhiteElo "2070"]
[BlackElo "2170"]
[EventDate "1987.03.20"]
[PlyCount "66"]

1.d4 Nf6 2.Nf3 d6 3.Bg5 g6 4.Nbd2 Bg7 5.e4 O-O 6.c3 c5 7.Bd3 b5 8.dxc5 
dxc5 9.Bxb5 Qb6 10.Qb3 Bb7 11.O-O Nc6 12.e5 Na5 13.Qa4 Nd5 14.c4 a6 15.Bd7
h6 16.Bh4 g5 17.cxd5 gxh4 18.Qxh4 Bxd5 19.Bf5 Nc6 20.Rfe1 Rad8 21.Ne4 Nxe5
22.Nxe5 Bxe5 23.Qxe7 Rfe8 24.Qxc5 Qxb2 25.Rab1 Qxa2 26.Qb6 Rb8 27.Qxh6 
Bxe4 28.Bxe4 Bd4 29.Bh7+ Kh8 30.Bc2+ Kg8 31.Qg5+ Kf8 32.Qh6+ Kg8 33.Qg5+ 
Kf8 1/2-1/2

[Event "39th POL-ch (w)"]
[Site "Wroclaw POL"]
[Date "1987.??.??"]
[Round "3"]
[White "Sikora-Gizynska, Bozena"]
[Black "Jagodzinska, Joanna"]
[Result "1/2-1/2"]
[WhiteElo "2155"]
[BlackElo "2200"]
[EventDate "1987.03.20"]
[PlyCount "49"]

1.e4 c5 2.Nf3 d6 3.d4 cxd4 4.Nxd4 Nf6 5.Nc3 g6 6.Be2 Bg7 7.O-O Nc6 8.Nb3 
O-O 9.f4 a5 10.a4 Be6 11.Be3 Rc8 12.Bf3 Nb4 13.Rf2 Bxb3 14.cxb3 Nd7 15.Rc1
Nc5 16.Rd2 Qb6 17.Kh1 Rfe8 18.Bg4 Rcd8 19.Qg1 Nba6 20.Nb5 Qc6 21.e5 b6 22.
exd6 exd6 23.Bf3 d5 24.Rcd1 Nb4 25.Rc1 1/2-1/2

[Event "39th POL-ch (w)"]
[Site "Wroclaw POL"]
[Date "1987.??.??"]
[Round "3"]
[White "Rzeczycka, Bozena"]
[Black "Laszewska, Izabela"]
[Result "1-0"]
[WhiteElo "2180"]
[BlackElo "2150"]
[EventDate "1987.03.20"]
[PlyCount "49"]

1.e4 e6 2.d4 d5 3.Nd2 Nf6 4.e5 Nfd7 5.Bd3 c5 6.c3 Nc6 7.Ne2 cxd4 8.cxd4 f6
9.exf6 Nxf6 10.Nf3 Bd6 11.Bf4 O-O 12.Bxd6 Qxd6 13.O-O Ng4 14.Ng3 Qf4 15.h3
Nxf2 16.Kxf2 Qh4 17.Qe1 Nxd4 18.Qe3 Rf4 19.Rad1 e5 20.Qxe5 Nxf3 21.Qxd5+ 
Kh8 22.gxf3 Bxh3 23.Rh1 Raf8 24.Be4 Qg4 25.Rxh3 1-0

[Event "39th POL-ch (w)"]
[Site "Wroclaw POL"]
[Date "1987.??.??"]
[Round "3"]
[White "Kaczorowska, Barbara"]
[Black "Szmacinska, Grazyna"]
[Result "1/2-1/2"]
[WhiteElo "2170"]
[BlackElo "2315"]
[EventDate "1987.03.20"]
[PlyCount "91"]

1.d4 d6 2.Nf3 g6 3.c4 Bg7 4.g3 Nd7 5.Bg2 e5 6.dxe5 dxe5 7.Nc3 Ne7 8.O-O 
O-O 9.Qc2 Nc5 10.Rd1 Qe8 11.b4 Ne6 12.Bb2 f6 13.Rd2 Qf7 14.Nd5 c6 15.Nxe7+
Qxe7 16.c5 Nc7 17.e4 Be6 18.Rad1 Rfd8 19.Bf1 Rxd2 20.Qxd2 Bf8 21.Qc2 Rd8 
22.a3 Rxd1 23.Qxd1 Qd7 24.Qxd7 Bxd7 25.Bc4+ Be6 26.Nd2 Kf7 27.Kf1 Ke7 28.
Ke2 Kd7 29.Kd3 b6 30.cxb6 axb6 31.f4 exf4 32.gxf4 f5 33.Be5 b5 34.Bxe6+ 
Nxe6 35.exf5 gxf5 36.Nf3 c5 37.Nh4 cxb4 38.axb4 Bxb4 39.Nxf5 Bf8 40.Ne3 
Bd6 41.Nd5 Kc6 42.Nf6 h6 43.Bxd6 Kxd6 44.f5 Ng5 45.h4 Nf7 46.Kd4 1/2-1/2

[Event "39th POL-ch (w)"]
[Site "Wroclaw POL"]
[Date "1987.??.??"]
[Round "3"]
[White "Jalowiec, Halina"]
[Black "Sosnowska, Elzbieta"]
[Result "1-0"]
[WhiteElo "2175"]
[BlackElo "2065"]
[EventDate "1987.03.20"]
[PlyCount "115"]

1.e4 c5 2.Nf3 d6 3.d4 cxd4 4.Nxd4 Nf6 5.Nc3 g6 6.g3 Nc6 7.Nde2 b6 8.Bg2 
Bb7 9.h3 Bg7 10.Be3 O-O 11.O-O Rc8 12.f4 Qc7 13.Qe1 Qb8 14.Rd1 Ba6 15.Rf2 
b5 16.Nd5 e6 17.Nxf6+ Bxf6 18.Nd4 Bg7 19.Nxc6 Rxc6 20.Qb4 Rd8 21.c3 Qc7 
22.Bf1 Rb8 23.Rfd2 Bf8 24.Qd4 b4 25.cxb4 Bxf1 26.Kxf1 Rc4 27.Qxa7 Qxa7 28.
Bxa7 Ra8 29.b3 Rxe4 30.Bd4 Rc8 31.Kf2 e5 32.fxe5 dxe5 33.Bc5 Bxc5+ 34.bxc5
Rxc5 35.Kf3 f5 36.Rd3 h5 37.a3 h4 38.Rd8+ Kg7 39.R1d7+ Kf6 40.Rd6+ Kg5 41.
gxh4+ Rxh4 42.Kg3 f4+ 43.Kg2 Rc2+ 44.Rd2 Rxd2+ 45.Rxd2 Kf5 46.b4 Ke4 47.b5
f3+ 48.Kg3 Rf4 49.Rb2 Rf6 50.Kf2 Kf4 51.b6 Rf8 52.b7 Rb8 53.a4 e4 54.Rb4 
Ke5 55.a5 Kd6 56.a6 Kc7 57.Rc4+ Kb6 58.Rc8 1-0

[Event "39th POL-ch (w)"]
[Site "Wroclaw POL"]
[Date "1987.??.??"]
[Round "4"]
[White "Sikora-Gizynska, Bozena"]
[Black "Kaczorowska, Barbara"]
[Result "1/2-1/2"]
[WhiteElo "2155"]
[BlackElo "2170"]
[EventDate "1987.03.20"]
[PlyCount "94"]

1.e4 c5 2.Nf3 e6 3.d4 cxd4 4.Nxd4 Nf6 5.Nc3 d6 6.g4 Be7 7.g5 Nfd7 8.h4 O-O
9.Be3 Nb6 10.f4 d5 11.e5 Nc6 12.Qf3 Bb4 13.a3 Bxc3+ 14.bxc3 Na4 15.Bd2 
Nxd4 16.cxd4 Qb6 17.Qe3 Bd7 18.h5 Bb5 19.Rb1 a6 20.Bd3 Qc6 21.Kf2 Bxd3 22.
cxd3 b5 23.Rhc1 Qb7 24.Bb4 Rfc8 25.Bc5 Rc6 26.Rc2 Rac8 27.Rbc1 Qc7 28.h6 
g6 29.Qd2 Qd8 30.Bb4 Qb6 31.Ke3 Qb7 32.Ke2 Nb6 33.Rc5 Nd7 34.Rxc6 Rxc6 35.
Rxc6 Qxc6 36.Kd1 Nb8 37.Qc2 Qxc2+ 38.Kxc2 Nc6 39.Bc5 a5 40.Kb3 Nd8 41.a4 
bxa4+ 42.Kxa4 Nc6 43.Kb5 Nb4 44.Bxb4 axb4 45.Kxb4 Kf8 46.Kc5 Ke7 47.Kc6 
Ke8 1/2-1/2

[Event "39th POL-ch (w)"]
[Site "Wroclaw POL"]
[Date "1987.??.??"]
[Round "4"]
[White "Leszner, Liliana"]
[Black "Swiecik, Iwona"]
[Result "1-0"]
[WhiteElo "2190"]
[BlackElo "2140"]
[EventDate "1987.03.20"]
[PlyCount "73"]

1.e4 c5 2.Nf3 Nc6 3.d4 cxd4 4.Nxd4 Nf6 5.Nc3 e5 6.Ndb5 d6 7.Bg5 a6 8.Na3 
b5 9.Bxf6 gxf6 10.Nd5 f5 11.Bd3 Be6 12.Qh5 Bg7 13.O-O f4 14.c4 b4 15.Nc2 
a5 16.g3 Rg8 17.Kh1 Bf8 18.Be2 Rg6 19.gxf4 Rh6 20.Qg5 f6 21.Qg3 f5 22.Bf3 
Ra7 23.Qg5 exf4 24.Qxd8+ Kxd8 25.Nxf4 Bxc4 26.Rfe1 Ne5 27.Be2 Bxe2 28.Rxe2
Nf3 29.Kg2 fxe4 30.Rxe4 Ng5 31.Re3 Rf7 32.Nd5 Bg7 33.Rae1 Bxb2 34.f4 Rf5 
35.Re8+ Kd7 36.R1e7+ Kc6 37.Rc7+ 1-0

[Event "39th POL-ch (w)"]
[Site "Wroclaw POL"]
[Date "1987.??.??"]
[Round "4"]
[White "Kaczmarek, Ewa"]
[Black "Zboron, Hanna"]
[Result "1-0"]
[WhiteElo "2140"]
[BlackElo "2070"]
[EventDate "1987.03.20"]
[PlyCount "105"]

1.e4 c5 2.Nf3 d6 3.d4 cxd4 4.Nxd4 Nf6 5.Nc3 Nc6 6.Bg5 e6 7.Qd2 a6 8.O-O-O 
h6 9.Be3 Bd7 10.f4 b5 11.Bd3 Qa5 12.Kb1 Be7 13.h3 Nxd4 14.Bxd4 b4 15.Ne2 
Bc6 16.Ng3 d5 17.e5 Nd7 18.f5 O-O-O 19.fxe6 fxe6 20.Qe2 Bc5 21.Bxc5 Nxc5 
22.Qg4 Qb6 23.Ne2 g5 24.Qd4 a5 25.Rhf1 Rhf8 26.Rf6 Rxf6 27.exf6 Rf8 28.Rf1
Nd7 29.Qxb6 Nxb6 30.Nd4 Bd7 31.Bg6 Nc4 32.Kc1 e5 33.Nf5 Bxf5 34.Bxf5+ Kc7 
35.Bg6 Ne3 36.Rf2 d4 37.f7 Nd5 38.Be4 Nf4 39.g3 Nxh3 40.Rf5 Kd6 41.Rf6+ 
Ke7 42.Rxh6 Nf2 43.Bd5 e4 44.Re6+ Kd7 45.Re5 e3 46.b3 g4 47.Rg5 Kd6 48.Rg8
Ke7 49.Rg6 Kd7 50.Rg5 Ke7 51.Re5+ Kd7 52.Re8 e2 53.Rxe2 1-0

[Event "39th POL-ch (w)"]
[Site "Wroclaw POL"]
[Date "1987.??.??"]
[Round "4"]
[White "Laszewska, Izabela"]
[Black "Jalowiec, Halina"]
[Result "1-0"]
[WhiteElo "2150"]
[BlackElo "2175"]
[EventDate "1987.03.20"]
[PlyCount "79"]

1.e4 d5 2.exd5 Nf6 3.c4 c6 4.d4 cxd5 5.Nc3 e6 6.Nf3 Bb4 7.cxd5 Nxd5 8.Bd2 
Nc6 9.a3 Be7 10.Ne4 Qb6 11.Bc3 Nxc3 12.bxc3 f5 13.Ned2 Qb2 14.Rc1 Bxa3 15.
Rc2 Qb6 16.Nc4 Qb3 17.Nfd2 Qa4 18.Qb1 b5 19.Nb6 axb6 20.Bxb5 Qa7 21.Bxc6+ 
Bd7 22.Bxa8 Qxa8 23.O-O Qc6 24.Qb3 Bd6 25.Nc4 Bc7 26.Re1 Qd5 27.Qb4 Bc6 
28.f3 b5 29.Ne3 Qd7 30.Nxf5 Kf7 31.Rce2 Re8 32.Ng3 Bd6 33.Qb1 h6 34.Nf1 
Bf8 35.Ne3 b4 36.Ng4 Kg8 37.Ne5 Qd5 38.Nxc6 Qxc6 39.cxb4 Qc4 40.b5 1-0

[Event "39th POL-ch (w)"]
[Site "Wroclaw POL"]
[Date "1987.??.??"]
[Round "4"]
[White "Jagodzinska, Joanna"]
[Black "Sosnowska, Elzbieta"]
[Result "1-0"]
[WhiteElo "2200"]
[BlackElo "2065"]
[EventDate "1987.03.20"]
[PlyCount "89"]

1.e4 e5 2.Nf3 Nc6 3.Bb5 Nd4 4.Nxd4 exd4 5.O-O Bc5 6.Re1 Ne7 7.Qh5 Bb6 8.d3
O-O 9.Bg5 f6 10.Bf4 Qe8 11.Qe2 Qg6 12.Bc4+ Kh8 13.Nd2 d6 14.Nf3 Bg4 15.Bg3
Qh5 16.h3 Bxf3 17.Qxf3 Qxf3 18.gxf3 Rad8 19.Be6 h5 20.f4 g5 21.fxg5 fxg5 
22.f4 h4 23.Bh2 gxf4 24.Rf1 Rf6 25.Bf5 Nxf5 26.exf5 Rxf5 27.Rxf4 Rxf4 28.
Bxf4 c5 29.Kg2 d5 30.Kf3 Re8 31.Rg1 Bd8 32.Rg6 Rf8 33.Kg4 Kh7 34.Rd6 Rxf4+
35.Kxf4 Bc7 36.Ke5 b6 37.Kxd5 Bxd6 38.Kxd6 Kg6 39.Ke5 Kg5 40.a4 a6 41.b3 
a5 42.Ke4 Kg6 43.Kf4 Kf6 44.Kg4 Ke5 45.Kg5 1-0

[Event "39th POL-ch (w)"]
[Site "Wroclaw POL"]
[Date "1987.??.??"]
[Round "4"]
[White "Strzalka, Joanna"]
[Black "Brustman, Agnieszka"]
[Result "0-1"]
[WhiteElo "2170"]
[BlackElo "2335"]
[EventDate "1987.03.20"]
[PlyCount "44"]

1.e4 c5 2.Nf3 d6 3.d4 cxd4 4.Nxd4 Nf6 5.Nc3 a6 6.Bc4 e6 7.Bb3 b5 8.O-O Be7
9.Qf3 Qb6 10.Be3 Qb7 11.Qg3 O-O 12.Bh6 Ne8 13.Rad1 Bd7 14.f4 b4 15.f5 bxc3
16.fxe6 fxe6 17.Nxe6 Bxe6 18.Bxe6+ Kh8 19.Rxf8+ Bxf8 20.Rf1 Be7 21.Rf7 
Qb6+ 22.Be3 cxb2 0-1

[Event "39th POL-ch (w)"]
[Site "Wroclaw POL"]
[Date "1987.??.??"]
[Round "5"]
[White "Kaczorowska, Barbara"]
[Black "Jagodzinska, Joanna"]
[Result "1-0"]
[WhiteElo "2170"]
[BlackElo "2200"]
[EventDate "1987.03.20"]
[PlyCount "75"]

1.d4 Nf6 2.c4 c5 3.Nf3 cxd4 4.Nxd4 e5 5.Nb5 d5 6.cxd5 Bc5 7.e3 O-O 8.Be2 
a6 9.N5c3 e4 10.O-O Qe7 11.a4 Rd8 12.Na3 Nbd7 13.Nc4 Nb6 14.Nxb6 Bxb6 15.
a5 Bc7 16.f4 exf3 17.Bxf3 h5 18.Qd4 Bg4 19.e4 Be5 20.Qd3 Qd6 21.h3 Bd7 22.
Be3 Re8 23.Bd4 g5 24.Qd2 Kh7 25.Rae1 Rg8 26.Bd1 Rg6 27.Bc2 Re8 28.Nd1 g4 
29.Bxe5 Rxe5 30.h4 Bb5 31.Bd3 Qc5+ 32.Kh1 Bxd3 33.Qxd3 Qxa5 34.Qd4 Qc7 35.
d6 Qc5 36.Qxc5 Rxc5 37.e5 Ne8 38.d7 1-0

[Event "39th POL-ch (w)"]
[Site "Wroclaw POL"]
[Date "1987.??.??"]
[Round "5"]
[White "Brustman, Agnieszka"]
[Black "Kaczmarek, Ewa"]
[Result "1-0"]
[WhiteElo "2335"]
[BlackElo "2140"]
[EventDate "1987.03.20"]
[PlyCount "91"]

1.e4 c5 2.Nf3 Nc6 3.d4 cxd4 4.Nxd4 Nf6 5.Nc3 e5 6.Ndb5 d6 7.Nd5 Nxd5 8.
exd5 Nb8 9.c4 Nd7 10.Be2 Be7 11.O-O O-O 12.Be3 a6 13.Nc3 f5 14.f3 Bg5 15.
Bf2 Bh4 16.g3 Bg5 17.b4 b6 18.Na4 Bb7 19.Qb3 Rb8 20.Rad1 Kh8 21.Qa3 Be7 
22.Rd2 Rc8 23.Rfd1 f4 24.Qd3 Rf6 25.Nc3 Rg6 26.Ne4 Nf6 27.Nxf6 Bxf6 28.Kg2
Bh4 29.Rg1 Bg5 30.Rdd1 Qf6 31.g4 Bh4 32.Bxb6 h5 33.h3 Rf8 34.Qe4 Bc8 35.
Bd3 Bf5 36.Qxf5 Qxf5 37.Bxf5 Rxf5 38.c5 e4 39.fxe4 f3+ 40.Kf1 Rf4 41.c6 
Rxe4 42.c7 Re8 43.Rc1 Rc8 44.gxh5 Rh6 45.Bd4 Rxh5 46.Rxg7 1-0

[Event "39th POL-ch (w)"]
[Site "Wroclaw POL"]
[Date "1987.??.??"]
[Round "5"]
[White "Zboron, Hanna"]
[Black "Szmacinska, Grazyna"]
[Result "1-0"]
[WhiteElo "2070"]
[BlackElo "2315"]
[EventDate "1987.03.20"]
[PlyCount "95"]

1.d4 Nf6 2.Nf3 g6 3.Bg5 Bg7 4.Nbd2 d6 5.e4 O-O 6.c3 Nbd7 7.Be2 e5 8.dxe5 
dxe5 9.O-O h6 10.Bh4 g5 11.Bg3 Qe7 12.Re1 Nh5 13.Qc2 Nf4 14.Bf1 Bf6 15.Nc4
h5 16.h3 Re8 17.Ne3 Qf8 18.Nd2 Qg7 19.Nf5 Qg6 20.Nc4 Bd8 21.Rad1 Kh8 22.
Nce3 Nb6 23.a4 Be6 24.Bb5 c6 25.Bf1 Nc8 26.Bc4 Bf6 27.b4 h4 28.Bh2 Bxc4 
29.Nxc4 g4 30.hxg4 Qxg4 31.f3 Qh5 32.Nce3 Ne7 33.Nxe7 Rxe7 34.Nf5 Re6 35.
Kh1 Rg8 36.Rg1 Bd8 37.a5 Reg6 38.Rd6 f6 39.Rd2 Nxg2 40.Rdxg2 Qxf3 41.Qe2 
Qxe2 42.Rxe2 c5 43.Rxg6 Rxg6 44.Nxh4 Rg4 45.Nf5 cxb4 46.cxb4 b6 47.a6 Kh7 
48.b5 1-0

[Event "39th POL-ch (w)"]
[Site "Wroclaw POL"]
[Date "1987.??.??"]
[Round "5"]
[White "Sosnowska, Elzbieta"]
[Black "Laszewska, Izabela"]
[Result "1-0"]
[WhiteElo "2065"]
[BlackElo "2150"]
[EventDate "1987.03.20"]
[PlyCount "59"]

1.e4 e6 2.Nf3 d5 3.Nc3 Nf6 4.e5 Nfd7 5.d4 c5 6.dxc5 Bxc5 7.Bd3 Nc6 8.Bf4 
a6 9.O-O f5 10.exf6 Nxf6 11.Qe2 O-O 12.Rae1 b5 13.Ne5 Nxe5 14.Bxe5 Ra7 15.
Nd1 Bd7 16.c3 Be8 17.Qc2 Bh5 18.h3 g5 19.g4 Be8 20.Bd4 Bxd4 21.cxd4 Qd6 
22.Re5 h6 23.Rfe1 Bf7 24.Bg6 Re8 25.Nc3 Kg7 26.Bxf7 Kxf7 27.a3 Rc7 28.Qd3 
Qb6 29.Qe3 Rce7 30.f4 1-0

[Event "39th POL-ch (w)"]
[Site "Wroclaw POL"]
[Date "1987.??.??"]
[Round "5"]
[White "Rzeczycka, Bozena"]
[Black "Leszner, Liliana"]
[Result "1/2-1/2"]
[WhiteElo "2180"]
[BlackElo "2190"]
[EventDate "1987.03.20"]
[PlyCount "75"]

1.e4 d6 2.d4 Nf6 3.Nc3 g6 4.f3 Bg7 5.Be3 O-O 6.Qd2 Nc6 7.h4 e5 8.d5 Ne7 9.
O-O-O Nh5 10.g4 Ng3 11.Rh3 Nxf1 12.Rxf1 f5 13.gxf5 gxf5 14.exf5 Nxf5 15.
Bg5 Qe8 16.Qg2 Qh5 17.Nge2 Kh8 18.Ng3 Nxg3 19.Rxg3 Bf5 20.Ne4 Bxe4 21.fxe4
Rxf1+ 22.Qxf1 Rf8 23.Qg2 Bh6 24.Rg4 Bxg5+ 25.hxg5 Qf7 26.g6 Qf1+ 27.Qxf1 
Rxf1+ 28.Kd2 h6 29.g7+ Kg8 30.Ke3 Rf6 31.c4 h5 32.Rg5 Rh6 33.Kf2 h4 34.Rg4
Rf6+ 35.Kg2 Rf4 36.Kh3 Rf2 37.Rg2 Rf4 38.Rg4 1/2-1/2

[Event "39th POL-ch (w)"]
[Site "Wroclaw POL"]
[Date "1987.??.??"]
[Round "6"]
[White "Szmacinska, Grazyna"]
[Black "Brustman, Agnieszka"]
[Result "1/2-1/2"]
[WhiteElo "2315"]
[BlackElo "2335"]
[EventDate "1987.03.20"]
[PlyCount "24"]

1.d4 Nf6 2.c4 g6 3.Nc3 Bg7 4.e4 d6 5.f4 O-O 6.Be2 c5 7.Nf3 Bg4 8.d5 Bxf3 
9.Bxf3 Nbd7 10.O-O a6 11.Be3 Ne8 12.Qd2 Rb8 1/2-1/2